ديوان نبع الكلام / (رقم التسجيلة. 10199)

تفاصيل مارك
000 -LEADER
fixed length control field 00460nam a22001817a 4500
005 - DATE AND TIME OF LATEST TRANSACTION
control field 20251108164346.0
008 - FIXED-LENGTH DATA ELEMENTS--GENERAL INFORMATION
fixed length control field 250721s1992 xx 000 0 ara d
082 14 - DEWEY DECIMAL CLASSIFICATION NUMBER
Classification number 398.809565/مزا
100 1# - MAIN ENTRY--PERSONAL NAME
Personal name مزاهرة، صبحا
245 10 - TITLE STATEMENT
Title ديوان نبع الكلام /
264 ## - PRODUCTION, PUBLICATION, DISTRIBUTION, MANUFACTURE, AND COPYRIGHT NOTICE
Date of production, publication, distribution, manufacture, or copyright notice 1992.
300 ## - PHYSICAL DESCRIPTION
Extent 75ص.
650 17 - SUBJECT ADDED ENTRY--TOPICAL TERM
Topical term or geographic name as entry element الشعر العربي
650 17 - SUBJECT ADDED ENTRY--TOPICAL TERM
Topical term or geographic name as entry element الشعر النبطي
650 17 - SUBJECT ADDED ENTRY--TOPICAL TERM
Topical term or geographic name as entry element الأردن
942 ## - ADDED ENTRY ELEMENTS (KOHA)
Source of classification or shelving scheme Dewey Decimal Classification
Koha item type كتب
المقتنيات
حالة السحب حالة الفقدان مصدر التصنيف حالة التلف غير قابل للإعارة المكتبة الرئيسية المكتبة الحالية موقع الرف تاريخ التزويد الرقم المتسلسل Total Checkouts رقم الإستدعاء تاريخ آخر ظهور تاريخ الفاتورة نوع المادة (كوها) الباركود
    Dewey Decimal Classification     المكتبة المركزية المكتبة المركزية مقتنيات قسم التزويد 28/07/2025 1764418   398.809565/مزا 28/07/2025 28/07/2025 كتب  
    Dewey Decimal Classification Unchecked   مكتبة أبو علندا العامة مكتبة أبو علندا العامة الإعارة 12/07/2004 1982   398.809565/مزا 28/07/2025 12/07/2004 كتب  
    Dewey Decimal Classification     مكتبة أبو علندا العامة مكتبة أبو علندا العامة الإعارة 12/07/2004 175   398.809565/مزا 28/07/2025 12/07/2004 كتب DUP-01_175
    Dewey Decimal Classification     مكتبة الأميرة ايمان العامة مكتبة الأميرة ايمان العامة الإعارة 03/12/2013 [6670]   398.809565/مزا 28/07/2025 03/12/2013 كتب PLD00288958
    Dewey Decimal Classification Unchecked   مكتبة الجويدة مكتبة الجويدة الإعارة 12/07/2004 4867   398.809565/مزا 28/07/2025 12/07/2004 كتب  
    Dewey Decimal Classification     مكتبة النصر العامة مكتبة النصر العامة الإعارة 22/04/2015 [7332]   398.809565/مزا 28/07/2025 22/04/2015 كتب PLD00320820
    Dewey Decimal Classification Unchecked   مكتبة صويلح العامة مكتبة صويلح العامة الإعارة 12/07/2004 10316   398.809565/مزا 28/07/2025 12/07/2004 كتب  
    Dewey Decimal Classification Unchecked   مكتبة وادي السير العامة مكتبة وادي السير العامة الإعارة 12/07/2004 5681   398.809565/مزا 28/07/2025 12/07/2004 كتب  
Implemented & Customized by: BBB with SCIT (Smart Chains for Information Technology)

Powered by Koha